000
00265nam a2200097Ia 4500
082
_a
DEV
245
0
_a
Geen groter liefde
100
_a
DE VILLIERS, Reinette Pretoria, 1995 Grootdrukuitg
_9
81623
942
_c
BK
008
210817s9999 xx 000 0 und d
999
_c
291612
_d
291611